00690pam a2200217 x 45000010008000000080041000080150013000490200015000620200018000770400011000950820019001061000020001252450091001452600046002363000022002823500013003045040082003176300014003996500025004136500034004382496930960807s1995 wlk 00110 wel b ab9632460 a070831319110a0708313191cm00aAB/N-100a398.20942922010aDavies, Sioned.10aCrefft y cyfarwydd :bastudiaeth o dechnegau naratif yn Y Mabinogion /cSioned Davies. aCaerdydd :bGwasg Prifysgol Cymru,c1995. ax,261pc23cmepbk00aNo price00aLlyfryddiaeth = Bibliography: p241-256. - Yn cynnwys mynegai = Includes index00aMabinogi. 0aNarration (Rhetoric) 0aStorytellerszWalesxHistory.